<?xml version="1.0" encoding="UTF-8"?>
<collection xmlns="http://www.loc.gov/MARC21/slim">
  <record>
    <leader>00000nam  2200000   4500</leader>
    <controlfield tag="001">INLIS000000000008706</controlfield>
    <controlfield tag="005">20200512121924</controlfield>
    <datafield tag="035" ind1="#" ind2="#">
      <subfield code="a">0010-0520000005</subfield>
    </datafield>
    <datafield tag="245" ind1="1" ind2="#">
      <subfield code="a">"BBM" Bupati Berau Mobile :</subfield>
      <subfield code="b">Informasi Jadwal Kegiatan Bupati Berau Berbasis Aplikasi Android Bagian Humas dan Protokol Setda Berau /</subfield>
      <subfield code="c">Achmad Syahfuddin, SE</subfield>
    </datafield>
    <datafield tag="100" ind1="1" ind2="#">
      <subfield code="a">SYAHFUDDIN, Achmad</subfield>
    </datafield>
    <datafield tag="250" ind1="#" ind2="#">
      <subfield code="a">1</subfield>
    </datafield>
    <datafield tag="300" ind1="#" ind2="#">
      <subfield code="a">20 halaman ; lampiran :</subfield>
      <subfield code="b">ilustrasi ;</subfield>
      <subfield code="c">30 cm</subfield>
    </datafield>
    <datafield tag="260" ind1="#" ind2="#">
      <subfield code="a">Samarinda :</subfield>
      <subfield code="b">PKP2A III LAN,</subfield>
      <subfield code="c">2016</subfield>
    </datafield>
    <datafield tag="084" ind1="#" ind2="#">
      <subfield code="a">PIV 270 2016</subfield>
    </datafield>
    <datafield tag="650" ind1="#" ind2="#">
      <subfield code="a">Proyek Perubahan</subfield>
    </datafield>
    <datafield tag="650" ind1="#" ind2="#">
      <subfield code="a">teknologi informasi</subfield>
    </datafield>
    <datafield tag="500" ind1="#" ind2="#">
      <subfield code="a">Coach : Mustari Kurniawati, S.IP., MPA&#13;
Penguji : Wiyono, S.IP, MM&#13;
Mentor : Syahrani, SH</subfield>
    </datafield>
    <datafield tag="990" ind1="#" ind2="#">
      <subfield code="a">PIV/270/2016</subfield>
    </datafield>
  </record>
</collection>
